|
|
|
|
| LEADER |
00584nam a22001457a 4500 |
| 020 |
|
|
|a 818052060-9
|
| 082 |
|
|
|a 361.954
|b GOP/H
|
| 100 |
|
|
|a Gopal Ji
|a Suman Bhakri
|9 173458
|
| 245 |
|
|
|a Human Development In India : Analysis, Measurement and Financing
|
| 260 |
|
|
|a New Delhi
|b Ane Books
|c 2005
|
| 300 |
|
|
|a xiv+310p.
|
| 650 |
|
|
|a Human Development In India : Analysis, Measurement and Financing
|9 173459
|
| 942 |
|
|
|c BK
|
| 999 |
|
|
|c 189641
|d 189637
|
| 952 |
|
|
|0 0
|1 0
|4 0
|6 361_954000000000000_GOP_H
|7 0
|8 NFIC
|9 190157
|a SMBS
|b SMBS
|c GEN
|d 2015-08-03
|g 895.00
|l 0
|o 361.954 GOP/H
|p SMBS1758
|r 2015-08-03
|w 2015-08-03
|y BK
|